00627nam a22002177a 4500003000500000005001700005008004100022010001000063011001000073035001000083040000900093082001600102100001800118245004800136260009900184300001000283490003300293650002500326650002500351830003300376CHAP20220329135450.0971013s1944 r 00010 d a36967 a37939 a42059 cCHAP a632.72bP3700aParker, J. R. aGrasshopper control in the American nations aMéxico :bComité Permamente de la Segunda Conferencia Interamericana de Agricultura,c1944 a22 p. aPublicaciones. Sección 3a.14aAgriculturaxPlagas.14aLangosta como plaga.0 aPublicaciones. Sección 3a.